00973nam a2200241Ia 4500003000400000005001700004008004100021020001800062040001800080041000800098082002200106100003300128245011100161250001200272260003600284300003300320650004900353650006500402700002900467942002900496999001900525952018700544OSt20220827114117.0210716s2012 xx 000 0 und d a9781439806807 cAIMIT LIBRARY aeng a005.448 21bRITJ aRittinghouse, John W.955772 aCloud computing :bimplementation management and security /cBy John W. Rittinghouse and James F. Ransome. a1st ed. aNew York :bCRC Press ,c2012 . axxxviii, 301p. ;bPBc23 cm. aWeb services delivered from the cloud955773 aFederation presence identity and privacy in the cloud955774 aRansome, James F.955775 2ddccBKe1k005.448 RITJ c193303d193303 00102ddc40708MCAaAIMITbAIMITeHimalaya Publishing House Pvt Ltdg525.00iBill no:540; Bill dt:2013-04-03l0o005.448 RITJpMCA12811r2026-05-23 00:00:00v393.75w2021-07-16yBK